If your name was changed at Ellis Island / (Record no. 2537)

MARC details
000 -LEADER
fixed length control field 00957cam a2200253 a 4500
005 - DATE AND TIME OF LATEST TRANSACTION
control field 20250428144520.0
020 ## - INTERNATIONAL STANDARD BOOK NUMBER
International Standard Book Number 9780590438292
040 ## - CATALOGING SOURCE
Original cataloging agency DLC
Transcribing agency DLC
Modifying agency DLC
Language of cataloging eng
050 00 - LIBRARY OF CONGRESS CALL NUMBER
Classification number JV6484.L49
082 00 - DEWEY DECIMAL CLASSIFICATION NUMBER
Classification number 325.73
100 1# - MAIN ENTRY--PERSONAL NAME
Personal name Levine, Ellen
245 10 - TITLE STATEMENT
Title If your name was changed at Ellis Island /
Statement of responsibility, etc. by Ellen Levine ; illustrated by Wayne Parmenter
250 ## - EDITION STATEMENT
Edition statement This edition first printing, September 2006
260 ## - PUBLICATION, DISTRIBUTION, ETC.
Place of publication, distribution, etc. New York :
Name of publisher, distributor, etc. Scholastic,
Date of publication, distribution, etc. 1993
300 ## - PHYSICAL DESCRIPTION
Extent 80 pages :
Other physical details color illustrations ;
Dimensions 20 cm
505 ## - FORMATTED CONTENTS NOTE
Formatted contents note W <br/>
520 ## - SUMMARY, ETC.
Summary, etc. Describes, in question and answer format, the great migration of immigrants to New York's Ellis Island, from the 1880s to 1914. Features quotes from children and adults who passed through the station.
521 ## - TARGET AUDIENCE NOTE
Target audience note 880 <br/>
Source Lexile <br/>
521 ## - TARGET AUDIENCE NOTE
Target audience note W <br/>
Source Raz-Plus <br/>
700 1# - ADDED ENTRY--PERSONAL NAME
Personal name Parmenter, Wayne,
Relator term illustrator
906 ## - LOCAL DATA ELEMENT F, LDF (RLIN)
a 7
b cbc
c origcop
d 2
e epcn
f 20
g y-gencatlg
942 ## - ADDED ENTRY ELEMENTS (KOHA)
Source of classification or shelving scheme Dewey Decimal Classification
Koha item type Books
Suppress in OPAC No
999 ## -
-- 2537
-- 2537
Holdings
Withdrawn status Lost status Source of classification or shelving scheme Damaged status Not for loan Collection Home library Current library Shelving location Date acquired Total Checkouts Full call number Barcode Date last seen Copy number Price effective from Koha item type
    Dewey Decimal Classification     Non-Fiction Footprints International School Library Network Toul Kork Campus Footprints International School Library Network Toul Kork Campus A TK Campus, 4th Floor, Room B401, Non-Fiction Bookcases(7-8) 01/30/2025   LEW 325.73 JV6484.L49 FISTK01562 01/30/2025 2 01/30/2025 Books
    Dewey Decimal Classification     Non-Fiction Footprints International School Library Network Toul Kork Campus Footprints International School Library Network Toul Kork Campus A TK Campus, 4th Floor, Room B401, Non-Fiction Bookcases(7-8) 04/28/2025   LEW 325.73 JV6484.L49 FISTK01565 04/28/2025 3 04/28/2025 Books
    Dewey Decimal Classification     Non-Fiction Footprints International School Library Network Toul Tom Poung Campus Footprints International School Library Network Toul Tom Poung Campus TTP Secondary Non-Fiction Bookshelves 12/14/2023   LEW 325.73 JV6484.L49 FISTK01560 12/14/2023 1 12/14/2023 Books